[Event "Wch U20 60th"]
[Site "Mexico City"]
[Date "2023.09.25"]
[Round "5"]
[White "Campos Gomez, Manuel"]
[Black "Ccerhuayo Escobedo, Mels Leopold"]
[Result "1-0"]
[WhiteElo "2287"]
[BlackElo "1889"]
[PlyCount "57"]
[EventDate "2023.09.21"]
[EventType "swiss"]
[EventRounds "11"]
[EventCountry "MEX"]
[SourceTitle "EXT 2024"]
[Source "ChessBase"]
[SourceDate "2023.10.10"]
[SourceVersion "1"]
[SourceVersionDate "2023.10.10"]
[SourceQuality "1"]

1. d4 Nf6 2. c4 e6 3. g3 d5 4. Nf3 Be7 5. Bg2 0-0 6. 0-0 a6 7. b3 dxc4 8. bxc4 c5 9. e3 Nc6 10. Nc3 Qc7 11. Qe2 Rd8 12. Rd1 Na5 13. Ne5 Nd7 14. Nxd7 cxd4 15. exd4 Bxd7 16. Nd5 exd5 17. Qxe7 Qxc4 18. Bg5 Nc6 19. Qd6 Bg4 20. Bxd8 Rxd8 21. Re1 Be6 22. Qc7 Re8 23. Rad1 h5 24. Qxb7 Nxd4 25. Qb2 Nc2 26. Bxd5 Qxd5 27. Rxd5 Nxe1 28. Qe2 Rc8 29. Rd2 1-0

[Event "Buenos Aires Torre Blanca U2400 op"]
[Site "Buenos Aires"]
[Date "2023.01.07"]
[Round "4"]
[White "Ccerhuayo Escobedo, Mels Leopold"]
[Black "Taus, Alejandro"]
[Result "1-0"]
[WhiteElo "1988"]
[BlackElo "1889"]
[PlyCount "101"]
[EventDate "2023.01.06"]
[EventType "swiss"]
[EventRounds "6"]
[EventCountry "ARG"]
[SourceTitle "CBM 212 Extra"]
[Source "ChessBase"]
[SourceDate "2023.03.31"]
[SourceVersion "1"]
[SourceVersionDate "2023.03.31"]
[SourceQuality "1"]

1. e4 d6 2. Nf3 Nf6 3. Nc3 e5 4. Bc4 Be7 5. Bb3 Nbd7 6. Ng5 0-0 7. Bxf7+ Rxf7 8. Ne6 Qe8 9. Nxc7 Qd8 10. Nxa8 Nc5 11. d4 exd4 12. Qxd4 Ng4 13. 0-0 Bf6 14. Qc4 Be6 15. Nd5 Qxa8 16. Nxf6+ Nxf6 17. Qd4 Nfxe4 18. Be3 Bf5 19. f3 Nf6 20. Qxd6 Ncd7 21. c4 Qc8 22. Bxa7 Qxc4 23. Rfc1 Qa4 24. Qd4 Qa5 25. a4 h6 26. b4 Qa6 27. Bc5 Be6 28. b5 Qa8 29. a5 Bd5 30. Bd6 Nf8 31. Qc5 Qe8 32. a6 bxa6 33. bxa6 Qe2 34. Re1 Qb2 35. Be5 Qb3 36. Ra3 N8d7 37. Qc8+ Rf8 38. Qxf8+ Kxf8 39. Rxb3 Bxb3 40. a7 Bd5 41. Bxf6 Nxf6 42. Rb1 Kf7 43. Rb8 Kg6 44. a8Q Bxa8 45. Rxa8 Nd5 46. Kf2 Nf6 47. Ra6 Kf5 48. g4+ Kg5 49. Kg3 Kg6 50. h4 Kf7 51. Kf4 1-0

[Event "FIDE World Uni Rapid-D 1st"]
[Site "Tornelo INT"]
[Date "2021.03.20"]
[Round "5"]
[White "Celestino, Raul"]
[Black "Ccerhuayo Escobedo, Mels Leopold"]
[Result "1/2-1/2"]
[WhiteElo "1845"]
[BlackElo "2153"]
[PlyCount "72"]
[EventDate "2021.03.20"]
[EventType "swiss (rapid)"]
[EventRounds "12"]
[EventCountry "NET"]
[SourceTitle "EXT 2022"]
[Source "ChessBase"]
[SourceDate "2021.10.06"]
[SourceVersion "1"]
[SourceVersionDate "2021.10.06"]
[SourceQuality "1"]

1. d4 Nf6 2. Nf3 d5 3. Bf4 c5 4. e3 Nc6 5. c3 e6 6. Nbd2 Bd6 7. Ne5 0-0 8. Bg3 Qc7 9. f4 Ne7 10. Bd3 Nf5 11. Bf2 Be7 12. g4 Nd6 13. Qf3 b5 14. Bh4 Nfe4 15. Bxe7 Qxe7 16. Bxe4 Nxe4 17. g5 Bb7 18. h4 b4 19. h5 f6 20. gxf6 gxf6 21. Nxe4 fxe5 22. Nxc5 exf4 23. exf4 e5 24. Qg4+ Kh8 25. fxe5 Bc8 26. Qg3 bxc3 27. bxc3 Bf5 28. Rg1 Rg8 29. Qf2 Rxg1+ 30. Qxg1 Qh4+ 31. Qf2 Qxh5 32. Kd2 Qg5+ 33. Qe3 Qg2+ 34. Qe2 Qg5+ 35. Qe3 Qg2+ 36. Qe2 Qg5+ 1/2-1/2

[Event "FIDE World Uni Blitz-A 1st"]
[Site "Tornelo INT"]
[Date "2021.03.13"]
[Round "4.31"]
[White "Ccerhuayo Escobedo, Mels Leopold"]
[Black "Cristocea, Gabriela"]
[Result "1-0"]
[WhiteElo "2153"]
[BlackElo "1757"]
[PlyCount "35"]
[EventDate "2021.03.13"]
[EventType "swiss (blitz)"]
[EventRounds "10"]
[EventCountry "NET"]
[SourceTitle "EXT 2022"]
[Source "ChessBase"]
[SourceDate "2021.10.06"]
[SourceVersion "1"]
[SourceVersionDate "2021.10.06"]
[SourceQuality "1"]

1. d4 d5 2. c4 c6 3. Nc3 Nf6 4. Nf3 a6 5. e3 Bf5 6. Qb3 b5 7. cxd5 cxd5 8. a4 Nbd7 9. axb5 axb5 10. Rxa8 Qxa8 11. Bxb5 e6 12. Ne5 Qd8 13. Qa4 Bd6 14. Nxd7 Nxd7 15. Bd2 Ke7 16. 0-0 Re8 17. Ra1 Kf8 18. Bxd7 1-0

[Event "FIDE World Uni Blitz-A 1st"]
[Site "Tornelo INT"]
[Date "2021.03.13"]
[Round "10.27"]
[White "Ccerhuayo Escobedo, Mels Leopold"]
[Black "Dubuisson, Samuel"]
[Result "0-1"]
[WhiteElo "2153"]
[BlackElo "2044"]
[PlyCount "64"]
[EventDate "2021.03.13"]
[EventType "swiss (blitz)"]
[EventRounds "10"]
[EventCountry "NET"]
[SourceTitle "EXT 2022"]
[Source "ChessBase"]
[SourceDate "2021.10.06"]
[SourceVersion "1"]
[SourceVersionDate "2021.10.06"]
[SourceQuality "1"]

1. d4 d5 2. Nf3 Nf6 3. c4 e6 4. Nc3 c6 5. e3 Nbd7 6. a3 Bd6 7. b3 0-0 8. Bb2 Re8 9. Be2 dxc4 10. bxc4 e5 11. 0-0 e4 12. Nd2 Nf8 13. h3 Bf5 14. Qb3 b6 15. Rad1 Bc7 16. d5 Qd6 17. g3 Bxh3 18. c5 Qxc5 19. dxc6 Bxf1 20. Nxf1 Qxc6 21. Bb5 Qe6 22. Bc4 Qe7 23. a4 Red8 24. Ba3 Bd6 25. Bxd6 Rxd6 26. Bxf7+ Kh8 27. Re1 Rad8 28. Nb5 Rd3 29. Qa2 N8d7 30. Bc4 Ne5 31. Bxd3 Nf3+ 32. Kg2 Nxe1+ 0-1

[Event "Anti Cheating Blitz Cup"]
[Site "Chess.com INT"]
[Date "2020.05.20"]
[Round "8"]
[White "Ccerhuayo Escobedo, Mels Leopold"]
[Black "Strybuk, Artsiom I"]
[Result "0-1"]
[WhiteElo "2153"]
[BlackElo "2215"]
[PlyCount "56"]
[EventDate "2020.05.20"]
[EventType "swiss (blitz)"]
[EventRounds "11"]
[EventCountry "USA"]
[SourceTitle "CBM 196 Extra"]
[Source "ChessBase"]
[SourceDate "2020.07.31"]
[SourceVersion "1"]
[SourceVersionDate "2020.07.31"]
[SourceQuality "1"]

1. d4 Nf6 2. c4 g6 3. f3 d5 4. cxd5 Nxd5 5. e4 Nb6 6. Nc3 Bg7 7. Be3 Nc6 8. Bb5 0-0 9. Bxc6 bxc6 10. Nge2 Nc4 11. Bc1 e5 12. d5 Qh4+ 13. g3 Qh3 14. Kf2 f5 15. Ng1 Qh5 16. dxc6 Kh8 17. b3 Nd6 18. Ba3 fxe4 19. Bxd6 e3+ 20. Kg2 cxd6 21. g4 Qh4 22. Qe1 Qf6 23. Qxe3 e4 24. Rc1 exf3+ 25. Nxf3 Bxg4 26. Rhf1 Rae8 27. Qd3 Bxf3+ 28. Rxf3 Qg5+ 0-1

[Event "South America-ch U16 16th"]
[Site "Buenos Aires"]
[Date "2019.12.02"]
[Round "2.3"]
[White "Ccerhuayo Escobedo, Mels Leopold"]
[Black "Castellanos Villela, Alejandro"]
[Result "0-1"]
[WhiteElo "1863"]
[BlackElo "2112"]
[PlyCount "104"]
[EventDate "2019.12.01"]
[EventType "swiss"]
[EventRounds "9"]
[EventCountry "ARG"]
[SourceTitle "EXT 2024"]
[Source "ChessBase"]
[SourceDate "2023.10.10"]
[SourceVersion "1"]
[SourceVersionDate "2023.10.10"]
[SourceQuality "1"]

1. e4 c5 2. Nf3 d6 3. d4 cxd4 4. Nxd4 Nf6 5. Nc3 a6 6. Bg5 Nbd7 7. Qf3 e6 8. Be2 Qc7 9. 0-0 b5 10. b4 Bb7 11. a4 Rc8 12. Bd2 Ne5 13. Qe3 Nc4 14. Bxc4 Qxc4 15. axb5 axb5 16. Qd3 e5 17. Ndxb5 Nxe4 18. Qxc4 Rxc4 19. Nxe4 Bxe4 20. f3 Bf5 21. Na3 Rc8 22. c4 Be7 23. f4 Bd3 24. Rfc1 0-0 25. fxe5 dxe5 26. c5 e4 27. Nc4 Rfd8 28. Bf4 Bf6 29. Ra7 Bd4+ 30. Ne3 g5 31. Bxg5 Rd5 32. Bh6 Rh5 33. Bf4 Rh4 34. Bg5 h6 35. Bxh4 Bxe3+ 36. Bf2 Bxc1 37. Re7 Bg5 38. Rd7 Ra8 39. h4 Ra1+ 40. Kh2 Bf4+ 41. g3 Ra2 42. gxf4 Rxf2+ 43. Kg3 Rc2 44. f5 Kg7 45. Kf4 Rc3 46. Rc7 Kf6 47. Rc6+ Kg7 48. Rc7 Bc2 49. b5 e3 50. c6 Kf6 51. Rc8 e2 52. Re8 Bd3 0-1

[Event "Pan American-ch School U17"]
[Site "Medellin"]
[Date "2019.11.13"]
[Round "3"]
[White "Sanchez Arroyave, Juan Pablo"]
[Black "Ccerhuayo Escobedo, Mels Leopold"]
[Result "1/2-1/2"]
[WhiteElo "1853"]
[BlackElo "1855"]
[PlyCount "85"]
[EventDate "2019.11.12"]
[EventType "swiss"]
[EventRounds "9"]
[EventCountry "COL"]
[SourceTitle "CBM 193 Extra"]
[Source "ChessBase"]
[SourceDate "2020.01.31"]
[SourceVersion "1"]
[SourceVersionDate "2020.01.31"]
[SourceQuality "1"]

1. c4 c6 2. Nf3 Nf6 3. g3 d5 4. d4 Bg4 5. Bg2 Nbd7 6. Nbd2 e6 7. 0-0 Be7 8. b3 0-0 9. Bb2 Re8 10. Re1 Bb4 11. a3 Ba5 12. b4 Bc7 13. h3 Bf5 14. Nh4 Ne4 15. Nxe4 dxe4 16. Nxf5 exf5 17. e3 Qf6 18. Re2 Rad8 19. Rd2 Nb6 20. Bf1 Qg6 21. Kh2 Qh6 22. d5 g5 23. d6 Bb8 24. c5 Nd7 25. Bc4 Ne5 26. Bxe5 Rxe5 27. Qb3 Qf6 28. Qc3 Kg7 29. Be2 f4 30. gxf4 gxf4 31. exf4 Qxf4+ 32. Qg3+ Qxg3+ 33. Kxg3 b6 34. Kf4 Kf6 35. Rc1 bxc5 36. bxc5 a5 37. Bf1 Ba7 38. Rdc2 h5 39. Bg2 Rde8 40. d7 Rd8 41. Bxe4 Rxd7 42. f3 Ke6 43. Bxc6 1/2-1/2

[Event "Pan American-ch U20"]
[Site "Cochabamba"]
[Date "2019.08.05"]
[Round "8"]
[White "Ccerhuayo Escobedo, Mels Leopold"]
[Black "Araujo, Amilcar"]
[Result "1-0"]
[WhiteElo "1820"]
[BlackElo "1530"]
[PlyCount "73"]
[EventDate "2019.08.01"]
[EventType "swiss"]
[EventRounds "9"]
[EventCountry "BOL"]
[SourceTitle "EXT 2021"]
[Source "ChessBase"]
[SourceDate "2020.10.23"]
[SourceVersion "1"]
[SourceVersionDate "2020.10.23"]
[SourceQuality "1"]

1. d4 Nf6 2. c4 g6 3. f3 d6 4. e4 Bg7 5. Nc3 c5 6. d5 Nbd7 7. Nge2 Qb6 8. Qc2 a6 9. Ng3 h5 10. Be2 h4 11. Nf1 Nh5 12. f4 Ndf6 13. Bd3 h3 14. g3 Ng4 15. Ne3 Nxe3 16. Bxe3 Nf6 17. Bd2 Ng4 18. Nd1 Bd4 19. Bc3 Bxc3+ 20. bxc3 e5 21. dxe6 Bxe6 22. Qe2 Qc6 23. 0-0 0-0-0 24. f5 gxf5 25. exf5 Qg2+ 26. Qxg2 hxg2 27. Rf4 Ne5 28. fxe6 Nxd3 29. Rxf7 Rde8 30. Rf6 Ne5 31. Ne3 Rh3 32. Kxg2 Reh8 33. Rh1 R8h6 34. Nd5 Nxc4 35. e7 Ne3+ 36. Kg1 Kd7 37. Rf8 1-0

[Event "Pan American-ch U20"]
[Site "Cochabamba"]
[Date "2019.08.05"]
[Round "7"]
[White "Villazon Zeballos, Manuel"]
[Black "Ccerhuayo Escobedo, Mels Leopold"]
[Result "0-1"]
[WhiteElo "1378"]
[BlackElo "1820"]
[PlyCount "53"]
[EventDate "2019.08.01"]
[EventType "swiss"]
[EventRounds "9"]
[EventCountry "BOL"]
[SourceTitle "EXT 2021"]
[Source "ChessBase"]
[SourceDate "2020.10.23"]
[SourceVersion "1"]
[SourceVersionDate "2020.10.23"]
[SourceQuality "1"]

1. d4 Nf6 2. Nf3 e6 3. e3 d5 4. Bd3 b6 5. 0-0 Bb7 6. Nbd2 Bd6 7. Qe2 0-0 8. c3 Ne4 9. c4 f5 10. Ne5 Bxe5 11. dxe5 Nc5 12. f4 Nxd3 13. Qxd3 dxc4 14. Qxc4 Qd5 15. Qxd5 Bxd5 16. b3 a5 17. Ba3 c5 18. Rfd1 Nc6 19. Nc4 Rfb8 20. Nd6 a4 21. Nc4 Ra6 22. Bb2 b5 23. Nd2 a3 24. Bc1 Nb4 25. Nf1 Nxa2 26. Nd2 Nc3 27. Re1 0-1